Paesi che Confinano con Iraq - Statistics

Statistiche generali
  • Questo quiz è stato fatto 3.120 volte
  • Il punteggio medio è 5 su 6
Risposte nella Mappa
Le risposte nella mappa del quiz sottostante sono codificate secondo una scala di colori dal rosso al verde in base alla % di persone che hanno risposto correttamente.
 
Statistiche sulle risposte
Paese % Corretto
Iran
99%
Arabia Saudita
93%
Siria
93%
Giordania
89%
Turchia
87%
Kuwait
80%
Nessun quiz corrispondente trovato
Distribuzione punteggi
Percentuale di utenti per punteggio
Percentile per numero di risposta
I tuoi punteggi nel tempo
Non hai fatto questo quiz